The Festive food of France / (Record no. 300682)
[ view plain ]
| 000 -LEADER | |
|---|---|
| fixed length control field | 00572nam a2200217Ia 4500 |
| 008 - FIXED-LENGTH DATA ELEMENTS--GENERAL INFORMATION | |
| fixed length control field | 160819s9999 xx 000 0 und d |
| 020 ## - INTERNATIONAL STANDARD BOOK NUMBER | |
| International Standard Book Number | 978-1-85626-631-4 |
| 050 ## - LIBRARY OF CONGRESS CALL NUMBER | |
| Classification number | CUL TX 719 |
| 050 ## - LIBRARY OF CONGRESS CALL NUMBER | |
| Item number | .M65 2006 |
| 100 ## - MAIN ENTRY--PERSONAL NAME | |
| Personal name | Moine, Marie-Pierre. |
| 245 #4 - TITLE STATEMENT | |
| Title | The Festive food of France / |
| 245 ## - TITLE STATEMENT | |
| Statement of responsibility, etc | Marie-Pierre Moine. |
| 260 ## - PUBLICATION, DISTRIBUTION, ETC. (IMPRINT) | |
| Place of publication, distribution, etc | London : |
| 260 ## - PUBLICATION, DISTRIBUTION, ETC. (IMPRINT) | |
| Name of publisher, distributor, etc | Kyle Cathie Limited, |
| 260 ## - PUBLICATION, DISTRIBUTION, ETC. (IMPRINT) | |
| Date of publication, distribution, etc | 2006 |
| 300 ## - PHYSICAL DESCRIPTION | |
| Extent | 92 pages : |
| 300 ## - PHYSICAL DESCRIPTION | |
| Other physical details | color illustrations ; |
| 300 ## - PHYSICAL DESCRIPTION | |
| Dimensions | 21 cm. |
| 650 ## - SUBJECT ADDED ENTRY--TOPICAL TERM | |
| Topical term or geographic name as entry element | Cooking, French. |
| 650 ## - SUBJECT ADDED ENTRY--TOPICAL TERM | |
| General subdivision | French -- Social lifes and customs. |
| Withdrawn status | Lost status | Damaged status | Home library | Current library | Shelving location | Date acquired | Cost, normal purchase price | Total Checkouts | Full call number | Barcode | Date last seen | Price effective from | Koha item type |
|---|---|---|---|---|---|---|---|---|---|---|---|---|---|
| South Mansfield College | South Mansfield College | 01/10/2008 | 810.00 | CUL TX 719 .M65 2006 | SMC04025 | 08/19/2016 | 08/19/2016 |